[Event "Bayern-ch Seniors 22nd"]
[Site "Bergen"]
[Date "2010.06.17"]
[Round "6"]
[White "Peiberg, Ehrhard"]
[Black "Scherer, Klaus"]
[Result "0-1"]
[WhiteElo "1643"]
[BlackElo "1880"]
[PlyCount "38"]
[EventDate "2010.06.12"]
[EventType "swiss"]
[EventRounds "9"]
[EventCountry "GER"]
[SourceTitle "EXT 2011"]
[Source "ChessBase"]
[SourceDate "2010.11.26"]
[SourceVersion "1"]
[SourceVersionDate "2010.11.26"]
[SourceQuality "1"]

1. d4 Nf6 2. c4 g6 3. Nc3 Bg7 4. e4 d6 5. Be2 0-0 6. Bg5 c5 7. Nf3 cxd4 8. Nxd4 Nc6 9. Nxc6 bxc6 10. 0-0 Rb8 11. Qc2 Be6 12. Rab1 Qa5 13. Bd2 Rfc8 14. Nd5 Qd8 15. Nf4 Bd7 16. Bc3 e5 17. Nd3 Nxe4 18. Nxe5 Nxc3 19. Nxd7 Nxe2+ 0-1

[Event "Bad Wildungen Seniors op 3rd"]
[Site "Bad Wildungen"]
[Date "2006.08.04"]
[Round "5"]
[White "Goy, Udo"]
[Black "Scherer, Klaus"]
[Result "1/2-1/2"]
[WhiteElo "2122"]
[BlackElo "2023"]
[PlyCount "32"]
[EventDate "2006.07.31"]
[EventType "swiss"]
[EventRounds "9"]
[EventCountry "GER"]
[SourceTitle "EXT 2007"]
[Source "ChessBase"]
[SourceDate "2006.11.23"]
[SourceVersion "1"]
[SourceVersionDate "2006.11.23"]
[SourceQuality "1"]

1. d4 Nf6 2. Nf3 g6 3. c4 Bg7 4. Nc3 0-0 5. e4 d6 6. Be2 e5 7. 0-0 Nbd7 8. h3 exd4 9. Nxd4 Re8 10. f3 c6 11. Nb3 Nb6 12. Bf4 Be6 13. Qxd6 Qxd6 14. Bxd6 Bxc4 15. Rfd1 Bxe2 16. Nxe2 Nc4 1/2-1/2

[Event "Cuxhaven Seniors op 1st"]
[Site "Cuxhaven"]
[Date "2006.03.21"]
[Round "6"]
[White "Scherer, Klaus"]
[Black "Kotlar, Alfred"]
[Result "1-0"]
[WhiteElo "2028"]
[BlackElo "1933"]
[PlyCount "105"]
[EventDate "2006.03.16"]
[EventType "swiss"]
[EventRounds "9"]
[EventCountry "GER"]
[SourceTitle "EXT 2007"]
[Source "ChessBase"]
[SourceDate "2006.11.23"]
[SourceVersion "1"]
[SourceVersionDate "2006.11.23"]
[SourceQuality "1"]

1. e4 d5 2. exd5 Qxd5 3. Nc3 Qd6 4. d4 c6 5. Nf3 Nf6 6. Be2 Bf5 7. 0-0 e6 8. Ne5 Be7 9. Bf4 Qd8 10. g4 Bg6 11. h4 h6 12. Nxg6 fxg6 13. Qd3 Kf7 14. Rad1 Nd5 15. Nxd5 exd5 16. h5 gxh5 17. gxh5 Re8 18. Qg6+ Kf8 19. Bxh6 Bf6 20. Be3 Re4 21. Kg2 Qe8 22. Bd3 Qxg6+ 23. hxg6 Re8 24. Bf5 Na6 25. Bf4 Ke7 26. Rfe1+ Kd8 27. Rxe8+ Kxe8 28. c3 Rd8 29. Rh1 Ke7 30. Re1+ Kf8 31. Rh1 Ke7 32. Rh7 c5 33. Be5 Rg8 34. f4 cxd4 35. cxd4 Nb4 36. Rh3 Bxe5 37. fxe5 Nc6 38. Rh4 Rf8 39. Bc2 Ke6 40. Kg3 a6 41. Bd1 a5 42. Bg4+ Ke7 43. Bf3 Ke6 44. a3 b6 45. Kf2 Ne7 46. Ke2 Nxg6 47. Rh7 Rg8 48. Ke3 Ne7 49. Bg4+ Kf7 50. Rh2 Rb8 51. Rf2+ Kg6 52. Be6 Rh8 53. Rg2+ 1-0

[Event "Cuxhaven Seniors op 1st"]
[Site "Cuxhaven"]
[Date "2006.03.18"]
[Round "3"]
[White "Husser, Oskar"]
[Black "Scherer, Klaus"]
[Result "0-1"]
[WhiteElo "1874"]
[BlackElo "2028"]
[PlyCount "44"]
[EventDate "2006.03.16"]
[EventType "swiss"]
[EventRounds "9"]
[EventCountry "GER"]
[SourceTitle "EXT 2007"]
[Source "ChessBase"]
[SourceDate "2006.11.23"]
[SourceVersion "1"]
[SourceVersionDate "2006.11.23"]
[SourceQuality "1"]

1. Nf3 Nf6 2. c4 g6 3. g3 Bg7 4. Bg2 0-0 5. 0-0 d6 6. d4 c6 7. Nc3 Qa5 8. Bd2 Qh5 9. Re1 Bh3 10. Bh1 e5 11. Qc2 Na6 12. a3 Rfe8 13. e4 Bg4 14. Qd3 exd4 15. Nxd4 Nc5 16. Qe3 d5 17. f3 dxe4 18. fxe4 Rad8 19. e5 Nfd7 20. b4 Rxe5 21. bxc5 Rxe3 22. Bxe3 Nxc5 0-1

[Event "NRW Class2 0506"]
[Site "Germany"]
[Date "2005.12.04"]
[Round "4.8"]
[White "Scherer, Klaus"]
[Black "Samak, Alexander"]
[Result "0-1"]
[WhiteElo "2005"]
[BlackElo "2160"]
[PlyCount "104"]
[EventDate "2005.09.25"]
[EventType "team"]
[EventRounds "9"]
[EventCountry "GER"]
[SourceTitle "EXT 2006"]
[Source "ChessBase"]
[SourceDate "2005.11.24"]
[SourceVersion "1"]
[SourceVersionDate "2005.11.24"]
[SourceQuality "1"]
[WhiteTeam "Betzdorf Kirchen"]
[BlackTeam "Koeln SF II"]
[WhiteTeamCountry "GER"]
[BlackTeamCountry "GER"]

1. e4 e6 2. d4 d5 3. Nc3 Bb4 4. Nge2 Nc6 5. e5 f6 6. exf6 Nxf6 7. Bg5 Qe7 8. a3 Ba5 9. Qd3 Bd7 10. 0-0-0 0-0-0 11. Kb1 Be8 12. f4 Bg6 13. Qe3 h6 14. Bh4 Qf7 15. h3 Ne7 16. g4 h5 17. Qg3 Bh7 18. Bg2 Qg6 19. f5 exf5 20. Nf4 Qf7 21. g5 Ne4 22. Nxe4 dxe4 23. g6 Nxg6 24. Bxd8 Rxd8 25. Nxg6 Bxg6 26. Rhf1 Re8 27. Qe3 Kb8 28. Rf2 Qd5 29. b3 Qd6 30. Kb2 c5 31. d5 Bc7 32. Qg5 Bd8 33. Qf4 Qxf4 34. Rxf4 Bg5 35. Rf2 h4 36. Bf1 e3 37. Rg2 Bf6+ 38. c3 Bh5 39. Be2 Bxe2 40. Rxe2 f4 41. Rf1 g5 42. Kc2 Kc7 43. Kd3 Kd6 44. c4 Ke5 45. Rf3 Kf5 46. Rg2 Re4 47. Rc2 Rd4+ 48. Ke2 Ke4 49. b4 Be7 50. bxc5 Bxc5 51. a4 Rd3 52. Rb2 Ra3 0-1

[Event "Oberliga NRW 9900 I"]
[Site "Germany"]
[Date "2000.03.22"]
[Round "7.8"]
[White "Scherer, Klaus"]
[Black "Schmitz, Manuela"]
[Result "1-0"]
[WhiteElo "2110"]
[BlackElo "2035"]
[PlyCount "103"]
[EventDate "1999.10.26"]
[EventType "team"]
[EventRounds "9"]
[EventCountry "GER"]
[SourceTitle "EXT 2001"]
[Source "ChessBase"]
[SourceDate "2000.11.22"]
[SourceVersion "1"]
[SourceVersionDate "2000.11.22"]
[SourceQuality "1"]
[WhiteTeam "Betzdorf Kirchen"]
[BlackTeam "Heiligenhaus"]
[WhiteTeamCountry "GER"]
[BlackTeamCountry "GER"]

1. e4 e6 2. d4 d5 3. Nc3 Bb4 4. Nge2 dxe4 5. a3 Bxc3+ 6. Nxc3 Nc6 7. Bb5 Nge7 8. Bg5 f6 9. Be3 0-0 10. Qd2 a6 11. Bxc6 Nxc6 12. 0-0-0 f5 13. Bf4 Ne7 14. f3 exf3 15. gxf3 Nd5 16. Be5 Nf6 17. Rhg1 c6 18. Qh6 Rf7 19. Rxg7+ Rxg7 20. Bxf6 Qf8 21. Bxg7 Qxg7 22. Qe3 Kh8 23. Ne2 Bd7 24. Nf4 Rg8 25. Kb1 Be8 26. Nxe6 Qf6 27. Qe5 Qxe5 28. dxe5 Bh5 29. Nd4 c5 30. Nxf5 Bxf3 31. Re1 Re8 32. Nd6 Re7 33. Kc1 Bd5 34. c4 Be6 35. Kd2 Rg7 36. Re2 b6 37. b3 Kg8 38. Ne8 Rd7+ 39. Ke3 Kf8 40. Nf6 Rg7 41. Kf4 b5 42. Ke4 h6 43. Rd2 Ke7 44. Nd5+ Ke8 45. Ne3 bxc4 46. bxc4 Bc8 47. Rd6 Bb7+ 48. Kf4 Rf7+ 49. Nf5 h5 50. Rh6 Bc8 51. e6 Rf8 52. Ke5 1-0

[Event "Oberliga NRW 9900 I"]
[Site "Germany"]
[Date "2000.02.09"]
[Round "5.7"]
[White "Scherer, Klaus"]
[Black "Hoenig, Alexander"]
[Result "1/2-1/2"]
[WhiteElo "2110"]
[BlackElo "2235"]
[PlyCount "87"]
[EventDate "1999.10.26"]
[EventType "team"]
[EventRounds "9"]
[EventCountry "GER"]
[SourceTitle "EXT 2001"]
[Source "ChessBase"]
[SourceDate "2000.11.22"]
[SourceVersion "1"]
[SourceVersionDate "2000.11.22"]
[SourceQuality "1"]
[WhiteTeam "Betzdorf Kirchen"]
[BlackTeam "Duesseldorf"]
[WhiteTeamCountry "GER"]
[BlackTeamCountry "GER"]

1. e4 c6 2. d4 d5 3. exd5 cxd5 4. Bd3 Nc6 5. c3 g6 6. Nf3 Nh6 7. 0-0 Bg7 8. Re1 0-0 9. Bf4 f6 10. c4 Nb4 11. Nc3 e6 12. Nb5 Rf7 13. Nd6 Re7 14. c5 Nxd3 15. Qxd3 Nf7 16. h3 a5 17. Re2 b6 18. Nxc8 Rxc8 19. cxb6 Qxb6 20. Rae1 Rce8 21. Bg3 Nd6 22. Bxd6 Qxd6 23. Qb5 Qb4 24. Qc6 Kf7 25. b3 h6 26. g4 Qb7 27. Qc3 Qb4 28. Qd3 f5 29. g5 h5 30. Rc1 a4 31. Qe3 axb3 32. axb3 Rb7 33. Rc6 Qxb3 34. Ne5+ Kg8 35. Nxg6 Qd1+ 36. Re1 Qxd4 37. Rxe6 Qxe3 38. R6xe3 Rxe3 39. Rxe3 Kf7 40. Nf4 d4 41. Rd3 Be5 42. Nxh5 Kg6 43. Ng3 Kxg5 44. Ne2 1/2-1/2